Statistics for Famous Italian-Americans

Click here to take the quiz!

General Stats

  • This quiz has been taken 6,591 times
  • The average score is 10 of 20

Answer Stats

HintAnswer% Correct
Actor who was Michael CorleoneAl Pacino
81%
Schwarzenegger's "Twin"Danny DeVito
81%
"The Chairman of the Board"Frank Sinatra
77%
NYC mayor during 9/11Rudy Giuliani
70%
NYC mayor and airport namesakeFiorello La Guardia
66%
Wrote "The Godfather"Mario Puzo
55%
He was my cousin VinnyJoe Pesci
54%
Leader of the Four SeasonsFrankie Valli
48%
"Who's the Boss?"Tony Danza
47%
Where have you gone, our nation turns
its lonely eyes to you?
Joe DiMaggio
46%
First female Speaker of the HouseNancy Pelosi
46%
Legendary Green Bay Packers coachVince Lombardi
42%
She was cousin Vinny's fiancéeMarisa Tomei
41%
Pyramid schemer of 1920s BostonCharles Ponzi
39%
Invented an ice-smoothing machineFrank Zamboni
39%
History's only undefeated
heavyweight champ
Rocky Marciano
36%
Arch-conservative Supreme Court
justice, 1986-2016
Antonin Scalia
32%
Honest cop depicted by the aboveFrank Serpico
32%
Built the first nuclear reactorEnrico Fermi
27%
Famous bodybuilder of
of the early/mid 20th century
Charles Atlas
21%

Score Distribution

Percentile by Number Answered

Percent of People with Each Score

Your Score History

You have not taken this quiz